000 00783cam a22002531a 4500
001 he 68001815
003 DLC
005 20260227111459.0
008 840119s1960 is c b 010 0 heb
010 _ahe 68001815
035 _a(OCoLC)19146635
040 _aDLC
_cMH
_dMU
_dDLC
042 _apremarc
050 0 0 _aBM42
_b.M24
245 0 0 _aSefer yovel :
_bmugash li-khevod ha-Rav Dr. Shimʻon Federbush /
_cbe-ʻarikhat Y.L. Hakohen Maimon.
260 _aJerusalem :
_bMosad ha-Rav Ḳuḳ,
_c721 [1960]
300 _a351 p. :
_bport. ;
_c25 cm.
500 _aRomanized record.
504 _aIncludes bibliographical references.
600 1 0 _aFederbusch Simon,
_d1892-1969.
650 0 _aJudaism.
700 1 _aMaimon, Judah Leib,
_d1875-1962.
752 _aIsrael
_dJerusalem
999 _c33401
_d33401